[Event "New Delhi Parsvnath op 14th"]
[Site "New Delhi"]
[Date "2016.01.12"]
[Round "5"]
[White "Popov, Ivan"]
[Black "Demchenko, Anton"]
[Result "1-0"]
[WhiteElo "2650"]
[BlackElo "2596"]
[PlyCount "97"]
[EventDate "2016.01.09"]
[EventType "swiss"]
[EventRounds "10"]
[EventCountry "IND"]
[SourceTitle "CBM 170 Extra"]
[Source "ChessBase"]
[SourceDate "2016.02.25"]
[SourceVersion "1"]
[SourceVersionDate "2016.02.25"]
[SourceQuality "1"]

1. e4 e5 2. Nf3 Nc6 3. Nc3 Nf6 4. Bb5 Bb4 5. 0-0 0-0 6. d3 d6 7. Ne2 Ne7 8. c3 Ba5 9. Ng3 c6 10. Ba4 Ng6 11. d4 Re8 12. Bc2 h6 13. h3 d5 14. Nxe5 Nxe5 15. dxe5 Nxe4 16. Nxe4 dxe4 17. Bf4 Bf5 18. Re1 Bc7 19. Bxe4 Bxe5 20. Bxc6 Qxd1 21. Raxd1 bxc6 22. Bxe5 f6 23. Bd4 a5 24. Rxe8+ Rxe8 25. Be3 a4 26. Rd4 Ra8 27. Rc4 Ra6 28. a3 Bc2 29. f3 Bb3 30. Rc5 Kf7 31. Kf2 Be6 32. c4 Ke7 33. Bd2 Bf7 34. Ke3 Kd7 35. Bb4 Ra8 36. Kd4 Bg6 37. Kc3 Kc7 38. Ra5 Rxa5 39. Bxa5+ Kd6 40. Bb4+ c5 41. Ba5 h5 42. h4 Bb1 43. Bb6 Ba2 44. b4 cxb4+ 45. axb4 a3 46. Bc5+ Kc6 47. Kd4 Bb1 48. b5+ Kb7 49. Bxa3 1-0

[Event "FIDE World Cup"]
[Site "Tromsoe"]
[Date "2013.08.12"]
[Round "1.2"]
[White "Ragger, Markus"]
[Black "Popov, Ivan"]
[Result "1-0"]
[WhiteElo "2680"]
[BlackElo "2644"]
[PlyCount "147"]
[EventDate "2013.08.11"]
[EventType "k.o."]
[EventRounds "7"]
[EventCountry "NOR"]
[SourceTitle "CBM 156"]
[Source "ChessBase"]
[SourceDate "2013.09.17"]
[SourceVersion "1"]
[SourceVersionDate "2013.09.17"]
[SourceQuality "1"]

1. d4 Nf6 2. c4 g6 3. Nc3 d5 4. cxd5 Nxd5 5. Bd2 Bg7 6. e4 Nxc3 7. Bxc3 0-0 8. Qd2 c5 9. d5 Bxc3 10. bxc3 Qd6 11. f4 Nd7 12. Nf3 e5 13. dxe6 Qxe6 14. Bd3 b6 15. 0-0 Bb7 16. Rae1 f6 17. Bb5 Rad8 18. f5 Qe7 19. fxg6 hxg6 20. Qh6 Qh7 21. Qf4 g5 22. Qg3 Bxe4 23. Nxg5 fxg5 24. Qxg5+ Kh8 25. Bxd7 Rxf1+ 26. Rxf1 Qxd7 27. Qe5+ Qg7 28. Qxe4 Rf8 29. Rxf8+ Qxf8 30. Qe5+ Kg8 31. h4 Qf7 32. Qg3+ Kh8 33. a4 Qe8 34. Qf4 Qe1+ 35. Kh2 Qxc3 36. Qb8+ Kg7 37. Qxa7+ Kg6 38. Qxb6+ Kh5 39. Qc7 Kxh4 40. a5 Kg4 41. Qd7+ Kg5 42. Qd5+ Kf4 43. Qf7+ Kg5 44. Qg8+ Kf5 45. a6 Qe5+ 46. Qg3 Qa1 47. Qf3+ Kg6 48. Qc6+ Kf7 49. Qd7+ Kf6 50. Qd6+ Kf7 51. Qc7+ Kg6 52. Qg3+ Kf7 53. Qf4+ Kg6 54. Qg4+ Kf6 55. Qh5 Kg7 56. Qg5+ Kf7 57. Qf5+ Kg7 58. Qe6 Kf8 59. g4 Kg7 60. Qc4 Qe5+ 61. Kg2 Qb2+ 62. Kf3 Qf6+ 63. Ke3 Qa1 64. Ke4 Qd1 65. Ke5 Kh8 66. Ke6 Qd8 67. Kf5 Qd6 68. Qe6 Qd3+ 69. Kf6 Qd8+ 70. Kg6 Qd3+ 71. Kf7 Qh7+ 72. Ke8 Qh1 73. Qf6+ Kh7 74. Qf7+ 1-0

[Event "TUR-chT"]
[Site "Denizli"]
[Date "2013.07.07"]
[Round "10.2"]
[White "Popov, Ivan"]
[Black "Baklan, Vladimir"]
[Result "1-0"]
[WhiteElo "2632"]
[BlackElo "2613"]
[PlyCount "91"]
[EventDate "2013.06.29"]
[EventType "team-tourn"]
[EventRounds "13"]
[EventCountry "TUR"]
[SourceTitle "CBM 155 Extra"]
[Source "ChessBase"]
[SourceDate "2013.08.26"]
[SourceVersion "1"]
[SourceVersionDate "2013.08.26"]
[SourceQuality "1"]
[WhiteTeam "Akdeniz Belediyesi"]
[BlackTeam "Ankara Demirspor"]
[WhiteTeamCountry "TUR"]
[BlackTeamCountry "TUR"]

1. e4 e6 2. d4 d5 3. Nc3 dxe4 4. Nxe4 Nd7 5. Nf3 Ngf6 6. Nxf6+ Nxf6 7. Bg5 h6 8. Be3 Bd6 9. Bd3 b6 10. Ne5 0-0 11. Qf3 Nd5 12. 0-0-0 Bb7 13. Bd2 c5 14. Nc4 Rb8 15. Nxd6 Qxd6 16. dxc5 bxc5 17. Qg4 f5 18. Qg3 Qxg3 19. hxg3 Nb6 20. f3 c4 21. Be2 Bd5 22. Rh4 Rb7 23. b3 Rc8 24. Kb1 Nd7 25. Rd4 Kf7 26. Bc1 Nf6 27. Bb2 Rbc7 28. bxc4 Bxc4 29. Bxc4 Rxc4 30. Rxc4 Rxc4 31. Rd6 a5 32. Ra6 a4 33. Ra7+ Kf8 34. Kc1 Nd5 35. Bxg7+ Kg8 36. Kd2 Nb4 37. c3 Nc6 38. Rc7 e5 39. Bxh6 e4 40. Rg7+ Kh8 41. Rg5 Kh7 42. Bf8 f4 43. fxe4 Rxe4 44. Rg7+ Kh8 45. Rg4 Re8 46. Rxf4 1-0

[Event "TUR-chT"]
[Site "Denizli"]
[Date "2013.07.04"]
[Round "7.2"]
[White "Sanikidze, Tornike"]
[Black "Popov, Ivan"]
[Result "1/2-1/2"]
[WhiteElo "2553"]
[BlackElo "2632"]
[PlyCount "43"]
[EventDate "2013.06.29"]
[EventType "team-tourn"]
[EventRounds "13"]
[EventCountry "TUR"]
[SourceTitle "CBM 155 Extra"]
[Source "ChessBase"]
[SourceDate "2013.08.26"]
[SourceVersion "1"]
[SourceVersionDate "2013.08.26"]
[SourceQuality "1"]
[WhiteTeam "Aliaga Genclik"]
[BlackTeam "Akdeniz Belediyesi"]
[WhiteTeamCountry "TUR"]
[BlackTeamCountry "TUR"]

1. d4 Nf6 2. c4 g6 3. Nc3 d5 4. cxd5 Nxd5 5. e4 Nxc3 6. bxc3 Bg7 7. Qa4+ Nd7 8. Bg5 c5 9. Nf3 0-0 10. Be2 Nf6 11. Qc2 cxd4 12. cxd4 Bg4 13. Rd1 Rc8 14. Qb1 Qc7 15. 0-0 Qc2 16. Bd3 Qxb1 17. Rxb1 Rc3 18. Rfd1 b6 19. h3 Bxf3 20. gxf3 Rd8 21. Rbc1 Rdc8 22. Bb5 1/2-1/2

[Event "TUR-chT"]
[Site "Denizli"]
[Date "2013.07.02"]
[Round "4.2"]
[White "Popov, Ivan"]
[Black "Arutinian, David"]
[Result "1-0"]
[WhiteElo "2632"]
[BlackElo "2543"]
[PlyCount "55"]
[EventDate "2013.06.29"]
[EventType "team-tourn"]
[EventRounds "13"]
[EventCountry "TUR"]
[SourceTitle "CBM 155 Extra"]
[Source "ChessBase"]
[SourceDate "2013.08.26"]
[SourceVersion "1"]
[SourceVersionDate "2013.08.26"]
[SourceQuality "1"]
[WhiteTeam "Akdeniz Belediyesi"]
[BlackTeam "Er Bakir"]
[WhiteTeamCountry "TUR"]
[BlackTeamCountry "TUR"]

1. e4 c6 2. d4 d5 3. e5 Bf5 4. h4 h6 5. g4 Be4 6. f3 Bh7 7. e6 Qd6 8. exf7+ Kxf7 9. f4 Nf6 10. Nf3 Nxg4 11. h5 Bf5 12. Nc3 Qe6+ 13. Ne5+ Nxe5 14. fxe5 g5 15. hxg6+ Qxg6 16. Be3 Ke8 17. Rg1 Qf7 18. Bd3 Bxd3 19. Qxd3 Rg8 20. 0-0-0 Rxg1 21. Rxg1 Na6 22. Rf1 Nb4 23. Qd1 Qg6 24. a3 Na6 25. Qf3 Kd7 26. Nxd5 Nc7 27. Nf4 Qf5 28. Qg2 1-0

[Event "EU-ch 14th"]
[Site "Legnica"]
[Date "2013.05.06"]
[Round "2"]
[White "Popov, Ivan"]
[Black "Bluebaum, Matthias"]
[Result "1/2-1/2"]
[WhiteElo "2620"]
[BlackElo "2511"]
[PlyCount "81"]
[EventDate "2013.05.05"]
[EventType "swiss"]
[EventRounds "11"]
[EventCountry "POL"]
[SourceTitle "CBM 155"]
[Source "ChessBase"]
[SourceDate "2013.07.16"]
[SourceVersion "1"]
[SourceVersionDate "2013.07.16"]
[SourceQuality "1"]

1. e4 e6 2. d4 d5 3. Nc3 Nf6 4. e5 Nfd7 5. f4 c5 6. Nf3 Be7 7. Be3 0-0 8. Qd2 b6 9. Nd1 Ba6 10. Bxa6 Nxa6 11. 0-0 Rc8 12. c3 Nab8 13. Bf2 Nc6 14. Ne3 b5 15. f5 b4 16. Ng4 bxc3 17. bxc3 exf5 18. Ne3 cxd4 19. cxd4 Bg5 20. Nxg5 Qxg5 21. Bg3 Ne7 22. Qd3 Qg6 23. Bh4 f4 24. Qxg6 Nxg6 25. Nxd5 f3 26. gxf3 Nxh4 27. Ne7+ Kh8 28. Nxc8 Rxc8 29. Rac1 Rd8 30. Rc7 g6 31. Kf2 Nf5 32. Rfc1 Nb6 33. Rxf7 Rxd4 34. Rxa7 Nc4 35. e6 Rd2+ 36. Ke1 Nd4 37. Rc3 Re2+ 38. Kd1 Rd2+ 39. Ke1 Re2+ 40. Kd1 Rd2+ 41. Ke1 1/2-1/2

[Event "EU-ch 14th"]
[Site "Legnica"]
[Date "2013.05.05"]
[Round "1"]
[White "Zude, Erik"]
[Black "Popov, Ivan"]
[Result "0-1"]
[WhiteElo "2382"]
[BlackElo "2620"]
[PlyCount "104"]
[EventDate "2013.05.05"]
[EventType "swiss"]
[EventRounds "11"]
[EventCountry "POL"]
[SourceTitle "CBM 155"]
[Source "ChessBase"]
[SourceDate "2013.07.16"]
[SourceVersion "1"]
[SourceVersionDate "2013.07.16"]
[SourceQuality "1"]

1. c4 e5 2. g3 Nf6 3. Bg2 Nc6 4. Nc3 Bb4 5. Nd5 Bc5 6. Nf3 e4 7. Ng5 Nxd5 8. Nxe4 Bxf2+ 9. Nxf2 Nf6 10. d4 0-0 11. e4 d6 12. 0-0 Re8 13. Be3 h6 14. Rc1 Ne7 15. Rc3 Ng6 16. c5 Bd7 17. Qb3 dxc5 18. Rxc5 b6 19. Rc3 c6 20. Qc2 Qe7 21. a3 a5 22. Bd2 Rac8 23. Rc1 Nf8 24. Be3 Ne6 25. Qd2 c5 26. d5 Nf8 27. b4 axb4 28. axb4 cxb4 29. Rxc8 Rxc8 30. Rxc8 Bxc8 31. Bxb6 N8d7 32. Bd4 Ne5 33. Nd3 Nxd3 34. Qxd3 Ng4 35. Qc4 Bd7 36. h3 Ne5 37. Qc7 Nd3 38. e5 b3 39. e6 fxe6 40. Be4 e5 41. Be3 Ne1 42. Bc5 Qe8 43. Qb6 Qc8 44. Bd6 Bf5 45. Bxf5 Qxf5 46. Qxb3 Nf3+ 47. Kg2 Nd2 48. Qb8+ Kh7 49. Qf8 Qe4+ 50. Kf2 Qd3 51. g4 Qf1+ 52. Kg3 Qg1+ 0-1

[Event "Vojvodina-chT 2nd League"]
[Site "Sombor"]
[Date "2010.10.11"]
[Round "2"]
[White "Popov, Ivan"]
[Black "Kolognat, Petar"]
[Result "1/2-1/2"]
[WhiteElo "2249"]
[BlackElo "2266"]
[PlyCount "27"]
[EventDate "2010.10.10"]
[EventType "team-tourn"]
[EventRounds "9"]
[EventCountry "YUG"]
[SourceTitle "CBM 138 Extra"]
[Source "ChessBase"]
[SourceDate "2010.10.29"]
[SourceVersion "1"]
[SourceVersionDate "2010.10.29"]
[SourceQuality "1"]

1. e4 e6 2. d4 d5 3. Nc3 Nf6 4. Bg5 Be7 5. e5 Nfd7 6. Bxe7 Qxe7 7. f4 a6 8. Nf3 c5 9. dxc5 Qxc5 10. Qd2 Nc6 11. a3 b5 12. Bd3 Bb7 13. Qf2 Qxf2+ 14. Kxf2 1/2-1/2

[Event "SCG-chT Vojvodina"]
[Site "Sombor"]
[Date "2004.10.01"]
[Round "9.2"]
[White "Sanduleac, Vasile"]
[Black "Popov, Ivan"]
[Result "1-0"]
[WhiteElo "2492"]
[BlackElo "2255"]
[PlyCount "59"]
[EventDate "2004.09.25"]
[EventType "team"]
[EventRounds "11"]
[EventCountry "YUG"]
[SourceTitle "CBM 102 Extra"]
[Source "ChessBase"]
[SourceDate "2004.11.03"]
[SourceVersion "1"]
[SourceVersionDate "2004.11.03"]
[SourceQuality "1"]
[WhiteTeam "01"]
[BlackTeam "12"]
[WhiteTeamCountry "YUG"]
[BlackTeamCountry "YUG"]

1. e4 c5 2. Nf3 d6 3. d4 cxd4 4. Qxd4 Nc6 5. Bb5 Bd7 6. Bxc6 Bxc6 7. Nc3 Nf6 8. Bg5 e6 9. 0-0-0 Be7 10. Qd3 0-0 11. h4 Qa5 12. Nd4 Rfd8 13. f3 Rac8 14. g4 Be8 15. f4 Qa6 16. Qf3 b5 17. Kb1 b4 18. Nce2 Qb7 19. Bxf6 Bxf6 20. g5 Be7 21. Ng3 Bf8 22. h5 e5 23. Ndf5 Bc6 24. h6 g6 25. Ne3 exf4 26. Qxf4 d5 27. exd5 Bxd5 28. Nxd5 Rxd5 29. Ne4 Be7 30. Nf6+ 1-0

[Event "SCG-chT Vojvodina"]
[Site "Sombor"]
[Date "2004.09.28"]
[Round "5.2"]
[White "Perisic, Radivoj"]
[Black "Popov, Ivan"]
[Result "1/2-1/2"]
[WhiteElo "2402"]
[BlackElo "2255"]
[PlyCount "133"]
[EventDate "2004.09.25"]
[EventType "team"]
[EventRounds "11"]
[EventCountry "YUG"]
[SourceTitle "CBM 102 Extra"]
[Source "ChessBase"]
[SourceDate "2004.11.03"]
[SourceVersion "1"]
[SourceVersionDate "2004.11.03"]
[SourceQuality "1"]
[WhiteTeam "06"]
[BlackTeam "12"]
[WhiteTeamCountry "YUG"]
[BlackTeamCountry "YUG"]

1. e4 e5 2. Nf3 Nf6 3. Nc3 Nc6 4. Bb5 Bb4 5. 0-0 0-0 6. d3 d6 7. Bg5 Bxc3 8. bxc3 Qe7 9. Bxc6 bxc6 10. Nd2 h6 11. Bh4 g5 12. Bg3 Be6 13. c4 Nd7 14. f3 c5 15. Rb1 Rfb8 16. Qc1 Rxb1 17. Nxb1 Nb6 18. Bf2 f6 19. Nc3 c6 20. Qa3 Qb7 21. Rb1 Kf7 22. Be3 Rb8 23. Kf2 Qc7 24. Qa5 Rb7 25. Ne2 Qb8 26. h4 Nd7 27. Rb3 Rb6 28. Qe1 d5 29. cxd5 cxd5 30. exd5 Bxd5 31. c4 Rxb3 32. axb3 Bc6 33. hxg5 hxg5 34. Qd1 Qh8 35. Qa1 g4 36. fxg4 Qh4+ 37. Ng3 Qxg4 38. Qa6 Qe6 39. Qxa7 f5 40. Bxc5 Kg6 41. b4 f4 42. Ne4 Bxe4 43. dxe4 Nf6 44. Bf8 Nxe4+ 45. Kg1 Qxc4 46. Qg7+ Kf5 47. Qh7+ Kg4 48. Qd7+ Kg5 49. Qg7+ Kh5 50. Qxe5+ Kg4 51. Qg7+ Kf5 52. Qh7+ Ke5 53. Bg7+ Kd6 54. Qg6+ Ke7 55. Qf5 Qc1+ 56. Kh2 Qe3 57. Qf8+ Kd7 58. Qf7+ Kc6 59. Qc4+ Kb7 60. Qd5+ Kc8 61. Qc6+ Kd8 62. Bf6+ Nxf6 63. Qxf6+ Kc7 64. Qg7+ Kc6 65. Qh6+ Kb5 66. Qh5+ Kxb4 67. Qh3 1/2-1/2